| 000 | 00818cam a22002773a 4500 | ||
|---|---|---|---|
| 001 | 9913 | ||
| 003 | PGUSA | ||
| 005 | 20140828083217.0 | ||
| 008 | 060201s2006||||xxu|||||s|||||000 1 eng d | ||
| 040 |
_aPGUSA _beng |
||
| 042 | _adc | ||
| 050 | 4 | _aPS | |
| 100 | 1 |
_aAustin, Mary Hunter, _d1868-1934 |
|
| 245 | 1 | 4 |
_aThe Trail Book _h[electronic resource] / _cMary Hunter Austin |
| 260 |
_bProject Gutenberg, _c2006 |
||
| 506 | _aPublic domain in the USA. | ||
| 516 | _aElectronic text | ||
| 653 | _aNature stories, American | ||
| 653 | _aWestern stories | ||
| 653 | _aIndians of North America -- Fiction | ||
| 653 | _aAmerican Museum of Natural History -- Fiction | ||
| 700 | 1 |
_aWinter, Milo, _d1888-1956 |
|
| 830 | 0 |
_aProject Gutenberg _v9913 |
|
| 856 | 4 | 0 | _uhttp://www.gutenberg.org/ebooks/9913 |
| 942 | _cEB | ||
| 999 |
_c239169 _d239169 |
||